Statistics for Cities in Italy - With Pictures

Click here to take the quiz!

General Stats

  • This quiz has been taken 181 times
  • The average score is 9 of 12

Answer Stats

Answer% Correct
Milan
99%
Rome
99%
Venice
99%
Florence
96%
Naples
95%
Turin
86%
Bologna
77%
Palermo
72%
Genoa
68%
Verona
60%
Catania
43%
Messina
33%

Score Distribution

Percentile by Number Answered

Percent of People with Each Score

Your Score History

You have not taken this quiz